MARC details
| 000 -CABECERA |
| campo de control de longitud fija |
01392nam a2200241 a 4500 |
| 001 - NÚMERO DE CONTROL |
| campo de control |
000043529 |
| 005 - FECHA Y HORA DE LA ÚLTIMA TRANSACCIÓN |
| campo de control |
20240313073819.0 |
| 008 - DATOS DE LONGITUD FIJA--INFORMACIÓN GENERAL |
| campo de control de longitud fija |
140324s2005 dr 000 0 spa d |
| 020 ## - NÚMERO INTERNACIONAL ESTÁNDAR DEL LIBRO |
| Número Internacional Estándar del Libro |
9945412167 |
| 040 ## - FUENTE DE LA CATALOGACIÓN |
| Centro catalogador/agencia de origen |
DO-SdBNP |
| Lengua de catalogación |
spa |
| Centro/agencia transcriptor |
BNPHU |
| 082 ## - NÚMERO DE LA CLASIFICACIÓN DECIMAL DEWEY |
| Número de clasificación |
320.98 |
| Número de documento/Ítem |
E56e |
| 111 2# - ENTRADA PRINCIPAL--NOMBRE DE CONGRESO/REUNIÓN |
| Nombre de congreso/reunión o jurisdicción como elemento de entrada |
Encuentro del Grupo Biarritz |
| Número del congreso/reunión o número de parte o sección |
(2 : |
| Fecha del congreso/reunión |
2004 : |
| Sede del congreso/Lugar de la reunión |
La Romana, República Dominicana) |
| 9 (RLIN) |
71280 |
| 245 13 - MENCIÓN DE TÍTULO |
| Título |
El estado de la gobernabilidad en América Latina. |
| 260 ## - PUBLICACIÓN, DISTRIBUCIÓN, ETC. |
| Lugar de publicación, distribución, etc. |
Santo Domingo : |
| Nombre del editor, distribuidor, etc. |
FUNGLODE, |
| -- |
Corporación Escenarios, |
| Fecha de publicación, distribución, etc. |
2005. |
| 300 ## - DESCRIPCIÓN FÍSICA |
| Extensión |
xii, 167 p. ; |
| Dimensiones |
23 cm. |
| 505 0# - NOTA DE CONTENIDO CON FORMATO |
| Nota de contenido con formato |
Introducción -- |
| Mención de responsabilidad |
Rafael Toribio -- |
| -- |
Palabras de bienvenida -- |
| -- |
Leonel Fernández -- |
| -- |
Didier Borotra -- |
| -- |
Ernesto Samper -- |
| -- |
Patricio Aylwin -- |
| -- |
Nicky Fabiancic -- |
| Título |
Debate I -- |
| -- |
Comunicación y medios de información: Aliados de la gobernabilidad o responsables de la ingobernabilidad? |
| -- |
Documento de debate, Newlink |
| -- |
Debate II -- |
| -- |
Palabras de cierre -- |
| Mención de responsabilidad |
Leonel Fernández . |
| 590 ## - NOTA LOCAL (RLIN) |
| Nota local |
Inventariado, 2018/LP |
| 650 #4 - PUNTO DE ACCESO ADICIONAL DE MATERIA--TÉRMINO DE MATERIA |
| Término de materia o nombre geográfico como elemento de entrada |
Medios de comunicación de masas |
| Subdivisión general |
Aspectos políticos |
| -- |
República dominicana |
| -- |
Congresos, conferencias, etc. |
| 9 (RLIN) |
65638 |
| 650 #4 - PUNTO DE ACCESO ADICIONAL DE MATERIA--TÉRMINO DE MATERIA |
| Término de materia o nombre geográfico como elemento de entrada |
Estabilidad política |
| Subdivisión geográfica |
América Latina |
| Subdivisión general |
Congresos, conferencias, etc. |
| 9 (RLIN) |
65639 |
| 651 #4 - PUNTO DE ACCESO ADICIONAL DE MATERIA--NOMBRE GEOGRÁFICO |
| Nombre geográfico |
América Latina |
| Subdivisión general |
Política Y Gobierno |
| -- |
Congresos, Conferencias, Etc. |
| 9 (RLIN) |
53280 |
| 710 22 - PUNTO DE ACCESO ADICIONAL--NOMBRE DE ENTIDAD CORPORATIVA |
| Nombre de entidad corporativa o nombre de jurisdicción como elemento de entrada |
Fundación Global Democracía y Desarrollo |
| 9 (RLIN) |
25477 |
| 910 ## - DATOS DE OPCIÓN DEL USUARIO (OCLC) |
| Datos de opción del usuario |
Validado. Control de calidad MFF |